Geomarketingové analýzy vo vybranej lokalite SR

Oboznámenie sa s pojmom geomarketingových analýz a možnosti ich aplikácie na rôzne oblasti riadenia firiem. Aplikácia jednej z týchto analýz na skúmaný objekt.

Guardado en:
Detalles Bibliográficos
Autor principal: Rehák, Róbert, 1984-
Otros Autores: Zezula, Radoslav
Formato: Capítulo de libro
Lenguaje:eslovaco
Materias:
Etiquetas: Agregar Etiqueta
Sin Etiquetas, Sea el primero en etiquetar este registro!

MARC

LEADER 00000nla a2200000 4500
001 0164097
005 20251210131813.0
041 0 |a slo 
044 |a SK 
245 1 0 |a Geomarketingové analýzy vo vybranej lokalite SR  |c Róbert Rehák, Radoslav Zezula 
520 |a Oboznámenie sa s pojmom geomarketingových analýz a možnosti ich aplikácie na rôzne oblasti riadenia firiem. Aplikácia jednej z týchto analýz na skúmaný objekt. 
610 2 0 |a marketing územia 
610 2 0 |a geomarketing 
610 2 0 |a systémy informačné geografické 
610 2 0 |a marketing mix 
610 2 0 |a lokalizácia 
610 2 0 |a vybavenosť občianska 
610 2 0 |a spotrebitelia 
100 1 |a Rehák, Róbert, 1984- 
700 1 |a Zezula, Radoslav